[Event "Budapest Aranytiz IM"]
[Site "Budapest"]
[Date "2022.08.24"]
[Round "6"]
[White "Farkas, Richard"]
[Black "Velarde Ramirez, Hiram de Jesus"]
[Result "0-1"]
[WhiteElo "2304"]
[BlackElo "2129"]
[PlyCount "76"]
[EventDate "2022.08.18"]
[EventType "tourn"]
[EventRounds "9"]
[EventCountry "HUN"]
[SourceTitle "CBM 209 Extra"]
[Source "ChessBase"]
[SourceDate "2022.09.30"]
[SourceVersion "1"]
[SourceVersionDate "2022.09.30"]
[SourceQuality "1"]

1. e4 g6 2. d4 d6 3. Nc3 c6 4. f4 d5 5. e5 h5 6. Nf3 Bg4 7. Be3 e6 8. h3 Bxf3 9. Qxf3 Qb6 10. 0-0-0 h4 11. Bd3 Na6 12. g4 hxg3 13. Qxg3 Ne7 14. a3 0-0-0 15. h4 Nc7 16. h5 Nf5 17. Bxf5 gxf5 18. Qg5 Rh6 19. Rdg1 Qa6 20. Qg8 Bb4 21. Qg7 Bxc3 22. Qxh6 Bxb2+ 23. Kd2 c5 24. Ke1 Qxa3 25. Kf2 cxd4 26. Bd2 Qc5 27. Qg7 Qxc2 28. Rd1 Bc3 29. h6 Bxd2 30. h7 Bxf4+ 31. Kf3 Qe4+ 32. Kf2 Qe3+ 33. Kg2 Qe2+ 34. Kh3 Qf3+ 35. Kh4 Bxe5 36. Qg5 Bf6 37. Rhg1 Bxg5+ 38. Rxg5 Qf4+ 0-1

[Event "Budapest Aranytiz IM"]
[Site "Budapest"]
[Date "2022.08.21"]
[Round "3"]
[White "Velarde Ramirez, Hiram de Jesus"]
[Black "Halak, Miklos"]
[Result "1/2-1/2"]
[WhiteElo "2129"]
[BlackElo "2268"]
[PlyCount "103"]
[EventDate "2022.08.18"]
[EventType "tourn"]
[EventRounds "9"]
[EventCountry "HUN"]
[SourceTitle "CBM 209 Extra"]
[Source "ChessBase"]
[SourceDate "2022.09.30"]
[SourceVersion "1"]
[SourceVersionDate "2022.09.30"]
[SourceQuality "1"]

1. Nf3 Nf6 2. g3 g6 3. b3 Bg7 4. Bb2 d6 5. d4 0-0 6. Bg2 Nc6 7. 0-0 e5 8. dxe5 Ng4 9. c4 Ngxe5 10. Nxe5 Nxe5 11. Nc3 Re8 12. Qd2 Rb8 13. Rad1 Be6 14. Rfe1 Qc8 15. Qc1 Bh3 16. Bh1 Ng4 17. Nd5 Qf5 18. Nf4 Nxf2 19. Kxf2 g5 20. Bxg7 Kxg7 21. Qc3+ Kf8 22. e4 Qc5+ 23. Re3 gxf4 24. gxf4 Qh5 25. Rde1 Qh4+ 26. Kg1 Bd7 27. f5 Re5 28. Rh3 Qf6 29. Rxh7 Ke7 30. Rh3 Rg8+ 31. Rg3 Rh8 32. Bg2 Bc6 33. b4 a6 34. c5 Rh4 35. cxd6+ cxd6 36. Qd3 Kd7 37. h3 Kc7 38. Kh2 Re8 39. Kg1 d5 40. Rg4 Rxg4 41. hxg4 Qh4 42. Qd2 Qg3 43. Qf2 Qxg4 44. exd5 Rxe1+ 45. Qxe1 Qd4+ 46. Kh2 Bxd5 47. Qe7+ Kc6 48. Qxf7 Qh4+ 49. Kg1 Qe1+ 50. Kh2 Qh4+ 51. Kg1 Qe1+ 52. Kh2 1/2-1/2

[Event "Budapest FS08 Nadassy"]
[Site "Budapest"]
[Date "2022.08.14"]
[Round "8.4"]
[White "Velarde Ramirez, Hiram de Jesus"]
[Black "Jaivardhan, Raja Pilla"]
[Result "1-0"]
[WhiteElo "2129"]
[BlackElo "1780"]
[PlyCount "177"]
[EventDate "2022.08.06"]
[EventType "tourn"]
[EventRounds "12"]
[EventCountry "HUN"]
[SourceTitle "CBM 209 Extra"]
[Source "ChessBase"]
[SourceDate "2022.09.30"]
[SourceVersion "1"]
[SourceVersionDate "2022.09.30"]
[SourceQuality "1"]
[WhiteTeam "Team Higher Elo"]
[BlackTeam "Team Lower Elo"]
[WhiteTeamCountry "HUN"]
[BlackTeamCountry "HUN"]

1. Nf3 c5 2. c4 Nc6 3. g3 e5 4. Nc3 g6 5. Bg2 Bg7 6. 0-0 d6 7. a3 Nge7 8. b4 cxb4 9. axb4 Nxb4 10. Ba3 Na6 11. Ne4 Nc5 12. Nxc5 dxc5 13. Bxc5 Nc6 14. Qb1 f5 15. d3 Qc7 16. Ra2 Bf8 17. Bxf8 Rxf8 18. Qa1 a6 19. Rb1 Rf7 20. Qb2 Re7 21. h4 Rb8 22. Qc3 a5 23. Ne1 Nb4 24. Ra3 b6 25. Nc2 Nxc2 26. Qxc2 Bb7 27. Qa4+ Kf7 28. Qb5 Bxg2 29. Kxg2 Rb7 30. Qd5+ Kg7 31. Rb5 Rb8 32. Rab3 Rd8 33. Qf3 Rd6 34. Qa8 f4 35. Qf3 fxg3 36. Qxg3 Rc6 37. f3 Re8 38. Qg5 h6 39. Qe3 Qd6 40. Rxb6 Rxb6 41. c5 Qd4 42. Qxd4 exd4 43. cxb6 Rxe2+ 44. Kg3 Re8 45. Ra3 Rb8 46. Rxa5 Rxb6 47. Rd5 Kf6 48. Kf4 Re6 49. Rxd4 g5+ 50. hxg5+ hxg5+ 51. Kg4 Re3 52. Kg3 Re2 53. Rd5 Rd2 54. Rd4 Re2 55. Ra4 Rd2 56. Rd4 Re2 57. f4 gxf4+ 58. Kxf4 Rf2+ 59. Ke4 Re2+ 60. Kd5 Re5+ 61. Kc6 Ra5 62. Re4 Ra6+ 63. Kc5 Ra5+ 64. Kb4 Ra8 65. Kc4 Rd8 66. d4 Rc8+ 67. Kd3 Ra8 68. Re1 Rd8 69. Kc4 Rc8+ 70. Kb5 Rd8 71. Kc5 Rc8+ 72. Kb5 Rb8+ 73. Kc6 Rc8+ 74. Kd7 Rc4 75. d5 Rd4 76. d6 Rd5 77. Kc7 Rd2 78. d7 Rc2+ 79. Kd8 Rh2 80. Re4 Rh1 81. Kc7 Rc1+ 82. Kd8 Rh1 83. Re8 Rc1 84. Rf8+ Kg7 85. Rf4 Ra1 86. Ke7 Re1+ 87. Kd6 Rd1+ 88. Ke6 Rxd7 89. Kxd7 1-0

[Event "Budapest FS08 Nadassy"]
[Site "Budapest"]
[Date "2022.08.10"]
[Round "5.4"]
[White "Velarde Ramirez, Hiram de Jesus"]
[Black "Singgih, Diajeng Theresa"]
[Result "1-0"]
[WhiteElo "2129"]
[BlackElo "1972"]
[PlyCount "69"]
[EventDate "2022.08.06"]
[EventType "tourn"]
[EventRounds "12"]
[EventCountry "HUN"]
[SourceTitle "CBM 209 Extra"]
[Source "ChessBase"]
[SourceDate "2022.09.30"]
[SourceVersion "1"]
[SourceVersionDate "2022.09.30"]
[SourceQuality "1"]
[WhiteTeam "Team Higher Elo"]
[BlackTeam "Team Lower Elo"]
[WhiteTeamCountry "HUN"]
[BlackTeamCountry "HUN"]

1. Nf3 d5 2. c4 e6 3. g3 Nf6 4. Bg2 Be7 5. 0-0 0-0 6. b3 b6 7. Bb2 Bb7 8. e3 Nbd7 9. Nc3 c5 10. Qe2 Ne4 11. cxd5 exd5 12. Rfd1 Bf6 13. d4 Rc8 14. Rac1 Re8 15. h4 g6 16. Bh3 Nxc3 17. Bxc3 c4 18. Ne5 Bxe5 19. dxe5 b5 20. h5 Rb8 21. hxg6 hxg6 22. f4 Nc5 23. bxc4 bxc4 24. Qh2 Ne6 25. Bxe6 Rxe6 26. Kf2 a5 27. Rh1 Kf8 28. Bxa5 Qxa5 29. Qh8+ Ke7 30. Qxb8 Qd2+ 31. Kf3 Bc6 32. Qc7+ Kf8 33. Qd8+ Be8 34. Rh8+ Kg7 35. Rch1 1-0

[Event "Budapest FS07 IM"]
[Site "Budapest"]
[Date "2022.07.12"]
[Round "9"]
[White "Fishchuk, Vladyslav"]
[Black "Velarde Ramirez, Hiram de Jesus"]
[Result "1-0"]
[WhiteElo "2309"]
[BlackElo "2145"]
[PlyCount "79"]
[EventDate "2022.07.02"]
[EventType "tourn"]
[EventRounds "9"]
[EventCountry "HUN"]
[EventCategory "1"]
[SourceTitle "EXT 2023"]
[Source "ChessBase"]
[SourceDate "2022.10.05"]
[SourceVersion "1"]
[SourceVersionDate "2022.10.05"]
[SourceQuality "1"]

1. d4 d6 2. e4 g6 3. Nc3 Bg7 4. Nf3 a6 5. Be3 Nf6 6. Qd2 b5 7. Bd3 Bb7 8. a3 Nbd7 9. Bh6 0-0 10. h4 e5 11. h5 Bxh6 12. Qxh6 Ng4 13. Qd2 exd4 14. Nxd4 Qf6 15. Nf3 Rfe8 16. hxg6 fxg6 17. 0-0-0 c5 18. Rh4 h5 19. Rdh1 Re7 20. Ng5 Rf8 21. f3 Nf2 22. Qxf2 Qxg5+ 23. Kb1 Ne5 24. Be2 Ref7 25. Qe1 Kg7 26. Qd1 Rf6 27. g4 Nxf3 28. Bxf3 Rxf3 29. Qxd6 Rf1+ 30. Ka2 Rxh1 31. Rxh1 Qxg4 32. Rd1 Bc8 33. Qe7+ Rf7 34. Qe5+ Kh7 35. b3 c4 36. Rd8 cxb3+ 37. Kb2 Rg7 38. Nd5 Qe6 39. Nf6+ Kh6 40. Rh8+ 1-0

[Event "Budapest FS07 IM"]
[Site "Budapest"]
[Date "2022.07.11"]
[Round "8"]
[White "Velarde Ramirez, Hiram de Jesus"]
[Black "To, Nhat Minh"]
[Result "1/2-1/2"]
[WhiteElo "2145"]
[BlackElo "2335"]
[PlyCount "52"]
[EventDate "2022.07.02"]
[EventType "tourn"]
[EventRounds "9"]
[EventCountry "HUN"]
[EventCategory "1"]
[SourceTitle "EXT 2023"]
[Source "ChessBase"]
[SourceDate "2022.10.05"]
[SourceVersion "1"]
[SourceVersionDate "2022.10.05"]
[SourceQuality "1"]

1. Nf3 g6 2. c4 Bg7 3. g3 c5 4. Bg2 Nc6 5. Nc3 e6 6. e3 Nge7 7. d4 cxd4 8. Nxd4 Nxd4 9. exd4 d5 10. cxd5 Nxd5 11. 0-0 0-0 12. Qb3 Qb6 13. Nxd5 exd5 14. Be3 Be6 15. Rfc1 Rfc8 16. Bxd5 Bxd5 17. Qxd5 Rd8 18. Qc5 Bxd4 19. Qxb6 axb6 20. Bxd4 Rxd4 21. Rc7 Rd2 22. Re1 Rxb2 23. Ree7 Rf8 24. Rxb7 Rxa2 25. Rxb6 Ra5 26. Kg2 h5 1/2-1/2

[Event "Budapest FS07 IM"]
[Site "Budapest"]
[Date "2022.07.08"]
[Round "6"]
[White "Velarde Ramirez, Hiram de Jesus"]
[Black "Bodi, Tibor"]
[Result "0-1"]
[WhiteElo "2145"]
[BlackElo "2301"]
[PlyCount "74"]
[EventDate "2022.07.02"]
[EventType "tourn"]
[EventRounds "9"]
[EventCountry "HUN"]
[EventCategory "1"]
[SourceTitle "EXT 2023"]
[Source "ChessBase"]
[SourceDate "2022.10.05"]
[SourceVersion "1"]
[SourceVersionDate "2022.10.05"]
[SourceQuality "1"]

1. Nf3 b5 2. c3 e6 3. Qb3 a6 4. a4 Bb7 5. axb5 Bd5 6. Qc2 axb5 7. Rxa8 Bxa8 8. e4 Nf6 9. e5 Nd5 10. Bxb5 Nf4 11. Bf1 f5 12. d3 Ng6 13. d4 c5 14. Qa4 Bxf3 15. gxf3 cxd4 16. cxd4 Be7 17. f4 0-0 18. Be2 Nc6 19. 0-0 Nh4 20. Nc3 Qb6 21. Rd1 Nb8 22. Qb5 Qa7 23. Be3 d5 24. Nxd5 exd5 25. Qxd5+ Kh8 26. Qb5 Nd7 27. d5 Bc5 28. Rd3 Bxe3 29. fxe3 Nxe5 30. fxe5 f4 31. Qb4 Ng6 32. Qd4 Qe7 33. e6 Qg5+ 34. Kh1 f3 35. Bxf3 Rxf3 36. Rd1 Rf2 37. Rg1 Qh5 0-1

[Event "Novi Sad TS IM 123rd"]
[Site "Novi Sad"]
[Date "2019.12.02"]
[Round "3"]
[White "Velarde Ramirez, Hiram de Jesus"]
[Black "Liu, Zexu"]
[Result "1/2-1/2"]
[WhiteElo "2212"]
[BlackElo "2241"]
[PlyCount "43"]
[EventDate "2019.12.01"]
[EventType "tourn"]
[EventRounds "9"]
[EventCountry "SRB"]
[EventCategory "2"]
[SourceTitle "CBM 193 Extra"]
[Source "ChessBase"]
[SourceDate "2020.01.31"]
[SourceVersion "1"]
[SourceVersionDate "2020.01.31"]
[SourceQuality "1"]

1. Nf3 Nf6 2. c4 g6 3. b3 Bg7 4. Bb2 0-0 5. g3 d6 6. Bg2 e5 7. d3 Nc6 8. 0-0 Nh5 9. Nc3 f5 10. e3 g5 11. Nd5 g4 12. Nd2 Ne7 13. Qe2 Nf6 14. Nxf6+ Bxf6 15. Rab1 c6 16. f3 gxf3 17. Nxf3 Ng6 18. b4 Be6 19. a4 a6 20. Kh1 Qd7 21. e4 f4 22. d4 1/2-1/2

[Event "Novi Sad TS Mix 121st"]
[Site "Novi Sad"]
[Date "2019.11.29"]
[Round "8"]
[White "Velarde Ramirez, Hiram de Jesus"]
[Black "Commercon, Simon"]
[Result "0-1"]
[WhiteElo "2212"]
[BlackElo "2263"]
[PlyCount "150"]
[EventDate "2019.11.25"]
[EventType "swiss"]
[EventRounds "10"]
[EventCountry "SRB"]
[SourceTitle "CBM 193 Extra"]
[Source "ChessBase"]
[SourceDate "2020.01.31"]
[SourceVersion "1"]
[SourceVersionDate "2020.01.31"]
[SourceQuality "1"]

1. Nf3 Nf6 2. c4 g6 3. b3 Bg7 4. Bb2 0-0 5. g3 d6 6. Bg2 e5 7. d3 c5 8. 0-0 Nc6 9. Nc3 Bd7 10. Qd2 Rb8 11. Ne1 a6 12. f4 Nh5 13. Nd5 Ne7 14. Nf3 Nxd5 15. cxd5 exf4 16. Bxg7 Kxg7 17. gxf4 f5 18. Ne1 Qh4 19. a4 Rf7 20. e3 Re8 21. a5 Qe7 22. Nc2 h6 23. Bf3 Nf6 24. b4 g5 25. Rfe1 gxf4 26. exf4 Qd8 27. bxc5 dxc5 28. Re5 Rg8 29. Ne3 Ng4 30. Bxg4 fxg4 31. Qc3 Kh7 32. Qc4 g3 33. Qe4+ Kh8 34. Rh5 gxh2+ 35. Kxh2 Qf6 36. Qe5 Kh7 37. Qe4+ Rg6 38. Rf1 Re7 39. Qf3 Qd4 40. Re1 Bg4 41. Nc2 Rxe1 42. Nxd4 Bxf3 43. Nxf3 Re2+ 44. Kh1 Rf2 45. Ne5 Rd6 46. Nc4 Rd7 47. d6 Rxf4 48. Rxc5 Rg7 49. Rh5 Rd4 50. Rh3 Rg5 51. Kh2 Kg7 52. Kh1 h5 53. Kh2 Kf6 54. Rf3+ Rf5 55. Re3 Rfd5 56. Re7 Rxd3 57. Rxb7 Rc5 58. Rc7 Rf5 59. Kg2 h4 60. d7 h3+ 61. Kg1 Rg5+ 62. Kh1 Ke7 63. Nb6 Rxa5 64. Rc1 Rxd7 65. Nxd7 Kxd7 66. Rc3 Rh5 67. Kh2 a5 68. Rc4 Kd6 69. Rc1 Kd5 70. Rc8 Kd4 71. Rc7 Kd3 72. Rc8 a4 73. Ra8 Rh4 74. Rc8 Rc4 75. Ra8 Kc2 0-1

[Event "Novi Sad TS Mix 121st"]
[Site "Novi Sad"]
[Date "2019.11.28"]
[Round "6"]
[White "Velarde Ramirez, Hiram de Jesus"]
[Black "Salonika, Saina"]
[Result "1/2-1/2"]
[WhiteElo "2212"]
[BlackElo "2074"]
[PlyCount "32"]
[EventDate "2019.11.25"]
[EventType "swiss"]
[EventRounds "10"]
[EventCountry "SRB"]
[SourceTitle "CBM 193 Extra"]
[Source "ChessBase"]
[SourceDate "2020.01.31"]
[SourceVersion "1"]
[SourceVersionDate "2020.01.31"]
[SourceQuality "1"]

1. Nf3 d5 2. e3 Nf6 3. c4 c6 4. Nc3 e6 5. b3 Bd6 6. Bb2 0-0 7. Qc2 Nbd7 8. Be2 a6 9. d4 b5 10. 0-0 Bb7 11. Rfd1 Qe7 12. Rac1 Rac8 13. Bd3 e5 14. cxd5 cxd5 15. dxe5 Nxe5 16. Qe2 Nxf3+ 1/2-1/2

[Event "Novi Sad TS Mix 121st"]
[Site "Novi Sad"]
[Date "2019.11.27"]
[Round "4"]
[White "Velarde Ramirez, Hiram de Jesus"]
[Black "Liu, Zexu"]
[Result "1-0"]
[WhiteElo "2212"]
[BlackElo "2241"]
[PlyCount "65"]
[EventDate "2019.11.25"]
[EventType "swiss"]
[EventRounds "10"]
[EventCountry "SRB"]
[SourceTitle "CBM 193 Extra"]
[Source "ChessBase"]
[SourceDate "2020.01.31"]
[SourceVersion "1"]
[SourceVersionDate "2020.01.31"]
[SourceQuality "1"]

1. Nf3 Nf6 2. c4 c5 3. b3 d5 4. cxd5 Nxd5 5. Bb2 Nc6 6. g3 f6 7. Bg2 e5 8. 0-0 Be7 9. Nc3 Be6 10. Rc1 Rc8 11. e3 0-0 12. Qc2 Nxc3 13. Bxc3 Bf5 14. d4 exd4 15. exd4 cxd4 16. Bxd4 Kh8 17. Qb2 Qa5 18. Bc3 Ba3 19. Qa1 Qb6 20. Rcd1 Bc5 21. Rd5 Be4 22. Rd7 Nb4 23. Ng5 Qc6 24. Nxe4 Qxd7 25. Nxc5 Qb5 26. Nxb7 Nc2 27. Qb2 Qd3 28. Ba5 Rfe8 29. Qb1 Re7 30. Qd1 Qg6 31. Qd6 Rce8 32. Bc6 Ne1 33. Bxe1 1-0

[Event "Novi Sad TS Mix 121st"]
[Site "Novi Sad"]
[Date "2019.11.26"]
[Round "2"]
[White "Velarde Ramirez, Hiram de Jesus"]
[Black "Savic, Miodrag R"]
[Result "0-1"]
[WhiteElo "2212"]
[BlackElo "2453"]
[PlyCount "70"]
[EventDate "2019.11.25"]
[EventType "swiss"]
[EventRounds "10"]
[EventCountry "SRB"]
[SourceTitle "CBM 193 Extra"]
[Source "ChessBase"]
[SourceDate "2020.01.31"]
[SourceVersion "1"]
[SourceVersionDate "2020.01.31"]
[SourceQuality "1"]

1. Nf3 Nf6 2. c4 e6 3. b3 b6 4. Bb2 Bb7 5. e3 d5 6. cxd5 exd5 7. Nc3 Nbd7 8. Rc1 a6 9. d4 Bd6 10. g3 0-0 11. Bg2 Re8 12. 0-0 Qe7 13. Rc2 Rad8 14. Qc1 h6 15. Rd1 Ne4 16. Nxe4 dxe4 17. Ne5 Nxe5 18. dxe5 Bxe5 19. Rxd8 Rxd8 20. Bxe5 Qxe5 21. Rxc7 Qh5 22. Bf1 Rd1 23. Qc2 Bd5 24. Rc8+ Kh7 25. Rd8 Qf3 26. Qb2 b5 27. Rc8 Be6 28. Rc1 Bh3 29. Rxd1 Qxd1 30. Qe2 Qb1 31. f3 Bxf1 32. Qxf1 Qxa2 33. fxe4 Qxb3 34. Qf5+ g6 35. Qf4 Qe6 0-1

[Event "Novi Sad TS 120th"]
[Site "Novi Sad"]
[Date "2019.11.22"]
[Round "8"]
[White "Velarde Ramirez, Hiram de Jesus"]
[Black "Liu, Zexu"]
[Result "1/2-1/2"]
[WhiteElo "2209"]
[BlackElo "2266"]
[PlyCount "139"]
[EventDate "2019.11.18"]
[EventType "swiss"]
[EventRounds "9"]
[EventCountry "SRB"]
[SourceTitle "CBM 193 Extra"]
[Source "ChessBase"]
[SourceDate "2020.01.31"]
[SourceVersion "1"]
[SourceVersionDate "2020.01.31"]
[SourceQuality "1"]

1. Nf3 Nf6 2. c4 b6 3. g3 Bb7 4. Bg2 g6 5. b3 Bg7 6. Bb2 0-0 7. 0-0 e6 8. e3 c5 9. d4 d6 10. Qe2 Nbd7 11. Nc3 Ne4 12. Nxe4 Bxe4 13. Ne1 Bxg2 14. Nxg2 a6 15. Rfd1 Qe7 16. Rd2 cxd4 17. Bxd4 Nc5 18. Bxg7 Kxg7 19. e4 e5 20. Rad1 Ne6 21. Ne1 Rad8 22. Nc2 f5 23. exf5 Rxf5 24. h4 Rf7 25. Qe3 Nc5 26. Nb4 Qc7 27. Rd5 Rf6 28. Nc2 Rdf8 29. R1d2 Rf3 30. Qe1 R8f6 31. Kg2 Qe7 32. Nd4 Nd3 33. Rxd3 Rxd3 34. Ne6+ Qxe6 35. Rxd3 Qg4 36. Qd2 Qe4+ 37. Kg1 Qc6 38. a4 a5 39. Rd5 h6 40. Qe3 Rf7 41. Qd3 Rf6 42. Qe4 h5 43. Kg2 Kf7 44. Qe3 Kg7 45. Kf1 Rf7 46. Ke2 Kh7 47. Qe4 Rf6 48. Qe3 Rf7 49. Kd2 Kg7 50. Kc1 Kh7 51. Kb2 Kg7 52. Ka3 Kh7 53. Kb2 Kg7 54. Ka3 Kh7 55. f3 Kg7 56. Qd3 Rf6 57. g4 hxg4 58. fxg4 Qc8 59. g5 Re6 60. Qe3 e4 61. Qd4+ Kf7 62. Qf2+ Ke7 63. Qe3 Qh8 64. Ka2 Qxh4 65. Qxb6 Qh2+ 66. Ka3 Qc2 67. Qc7+ Ke8 68. Rxa5 Qc1+ 69. Kb4 Qd2+ 70. Ka3 1/2-1/2

[Event "Novi Sad TS 120th"]
[Site "Novi Sad"]
[Date "2019.11.19"]
[Round "2"]
[White "Matta, Vinay Kumar"]
[Black "Velarde Ramirez, Hiram de Jesus"]
[Result "1-0"]
[WhiteElo "2263"]
[BlackElo "2209"]
[PlyCount "65"]
[EventDate "2019.11.18"]
[EventType "swiss"]
[EventRounds "9"]
[EventCountry "SRB"]
[SourceTitle "CBM 193 Extra"]
[Source "ChessBase"]
[SourceDate "2020.01.31"]
[SourceVersion "1"]
[SourceVersionDate "2020.01.31"]
[SourceQuality "1"]

1. e4 g6 2. d4 Bg7 3. Nf3 d6 4. Be2 Nf6 5. Nc3 c6 6. a4 0-0 7. 0-0 Qc7 8. Bg5 e5 9. d5 Nbd7 10. Bc4 Nb6 11. Bb3 a5 12. h3 Bd7 13. Qd3 c5 14. Bxf6 Bxf6 15. Nd2 Bg5 16. Nc4 Nc8 17. Ne2 b5 18. axb5 Bxb5 19. Ba4 Ba6 20. b3 Nb6 21. Bc6 Rab8 22. Nc3 Nc8 23. g3 Ne7 24. Ra2 Nxc6 25. dxc6 Ra8 26. Rfa1 Bxc4 27. Qxc4 Qxc6 28. Rxa5 Rxa5 29. Rxa5 Ra8 30. b4 Bd8 31. b5 Qb7 32. Ra6 Ba5 33. Qd5 1-0

[Event "Novi Sad TS 120th"]
[Site "Novi Sad"]
[Date "2019.11.18"]
[Round "1"]
[White "Velarde Ramirez, Hiram de Jesus"]
[Black "Drazic, Sinisa"]
[Result "0-1"]
[WhiteElo "2209"]
[BlackElo "2373"]
[PlyCount "56"]
[EventDate "2019.11.18"]
[EventType "swiss"]
[EventRounds "9"]
[EventCountry "SRB"]
[SourceTitle "CBM 193 Extra"]
[Source "ChessBase"]
[SourceDate "2020.01.31"]
[SourceVersion "1"]
[SourceVersionDate "2020.01.31"]
[SourceQuality "1"]

1. Nf3 c5 2. c4 b6 3. g3 Bb7 4. Bg2 g6 5. b3 Bg7 6. Nc3 Nh6 7. Bb2 Nf5 8. 0-0 0-0 9. e3 e5 10. Rb1 Re8 11. d3 d6 12. Nd5 Nd7 13. Ne1 Rb8 14. Nc2 Nf6 15. b4 Nxd5 16. cxd5 Qd7 17. Bh3 Qa4 18. bxc5 bxc5 19. Na3 Qxd1 20. Rfxd1 Bxd5 21. e4 Bxa2 22. exf5 Rb3 23. Ra1 Rxb2 24. Nc4 Bxc4 25. dxc4 e4 26. Rxd6 Bd4 27. Rf1 e3 28. fxe3 Rxe3 0-1

[Event "Budapest FS11 IM"]
[Site "Budapest"]
[Date "2019.11.08"]
[Round "6"]
[White "Velarde Ramirez, Hiram de Jesus"]
[Black "Ilincic, Zlatko"]
[Result "0-1"]
[WhiteElo "2209"]
[BlackElo "2398"]
[PlyCount "106"]
[EventDate "2019.11.02"]
[EventType "tourn"]
[EventRounds "9"]
[EventCountry "HUN"]
[EventCategory "1"]
[SourceTitle "CBM 193 Extra"]
[Source "ChessBase"]
[SourceDate "2020.01.31"]
[SourceVersion "1"]
[SourceVersionDate "2020.01.31"]
[SourceQuality "1"]

1. Nf3 d5 2. e3 c6 3. c4 Nf6 4. Nc3 e6 5. b3 Bd6 6. Bb2 0-0 7. Qc2 Qe7 8. Be2 a6 9. d4 b5 10. 0-0 Nbd7 11. Rfd1 Bb7 12. Rac1 h6 13. Bd3 g5 14. c5 Bc7 15. Ne2 g4 16. Nd2 h5 17. a4 b4 18. Kh1 a5 19. Re1 Kg7 20. f4 h4 21. e4 dxe4 22. Bxe4 Kh6 23. Qd3 Nh5 24. f5 Qg5 25. Rcd1 Nhf6 26. Bc1 Kg7 27. fxe6 fxe6 28. Nc4 Nxe4 29. Qxe4 Qf5 30. Qe3 Rf6 31. Nd2 Qf2 32. Ne4 Qxe3 33. Bxe3 Rf5 34. Bg5 Rh8 35. Be7 Ba6 36. Bd6 Bxd6 37. Nxd6 Rf2 38. Ng1 Rhf8 39. Ne4 Rb2 40. Rd2 Rxd2 41. Nxd2 Rf2 42. Ne4 Rb2 43. Ng5 e5 44. h3 exd4 45. Ne6+ Kf6 46. hxg4 d3 47. g5+ Kf7 48. Nf3 d2 49. Nd8+ Kg6 50. Re6+ Kf5 51. Nxh4+ Kf4 52. g3+ Kg4 53. Re4+ Kh3 0-1

[Event "Budapest FS11 IM"]
[Site "Budapest"]
[Date "2019.11.02"]
[Round "1"]
[White "Nguyen, Van Thanh"]
[Black "Velarde Ramirez, Hiram de Jesus"]
[Result "1/2-1/2"]
[WhiteElo "2370"]
[BlackElo "2209"]
[PlyCount "107"]
[EventDate "2019.11.02"]
[EventType "tourn"]
[EventRounds "9"]
[EventCountry "HUN"]
[EventCategory "1"]
[SourceTitle "CBM 193 Extra"]
[Source "ChessBase"]
[SourceDate "2020.01.31"]
[SourceVersion "1"]
[SourceVersionDate "2020.01.31"]
[SourceQuality "1"]

1. d4 g6 2. e4 Bg7 3. Nc3 c6 4. Nf3 d6 5. Be3 b5 6. Qd2 Nd7 7. Bd3 Bb7 8. a4 b4 9. Ne2 a5 10. c3 bxc3 11. bxc3 Qc7 12. 0-0 Ngf6 13. Bh6 0-0 14. Ng3 Rfe8 15. Bxg7 Kxg7 16. h4 e5 17. h5 c5 18. Rfe1 h6 19. hxg6 fxg6 20. Bb5 Rh8 21. Rad1 Rad8 22. Qa2 Rhe8 23. dxe5 dxe5 24. Nh4 Rh8 25. Qe6 Nf8 26. Qc4 Rxd1 27. Rxd1 Bc8 28. Qd3 Ne6 29. Qd6 Qxd6 30. Rxd6 Rd8 31. Rxd8 Nxd8 32. Nf3 Nf7 33. Nd2 Nd6 34. Bc6 Be6 35. Ngf1 Bd7 36. Bxd7 Nxd7 37. Ne3 Nb6 38. Nb3 Nxe4 39. c4 Nxa4 40. Nxa5 Nd6 41. Nb3 e4 42. Kh2 h5 43. g4 Kh6 44. Kg3 Kg5 45. f4+ exf3 46. gxh5 gxh5 47. Kxf3 Nf5 48. Nxf5 Kxf5 49. Kg3 Kg5 50. Nd2 Nc3 51. Kf3 h4 52. Nb3 Na4 53. Nd2 Kf5 54. Nb3 1/2-1/2

[Event "Budapest FS10 IM"]
[Site "Budapest"]
[Date "2019.10.12"]
[Round "7"]
[White "Velarde Ramirez, Hiram de Jesus"]
[Black "Kumar, Nikhil"]
[Result "1/2-1/2"]
[WhiteElo "2209"]
[BlackElo "2297"]
[PlyCount "74"]
[EventDate "2019.10.05"]
[EventType "tourn"]
[EventRounds "9"]
[EventCountry "HUN"]
[SourceTitle "CBM 192 Extra"]
[Source "Chessbase"]
[SourceDate "2019.11.06"]
[SourceVersion "1"]
[SourceVersionDate "2019.11.06"]
[SourceQuality "1"]

1. Nf3 Nf6 2. c4 e6 3. b3 d5 4. Bb2 Be7 5. g3 0-0 6. Bg2 c5 7. 0-0 d4 8. e3 Nc6 9. exd4 cxd4 10. Re1 Bc5 11. Ne5 Nxe5 12. Rxe5 Nd7 13. Re2 e5 14. d3 Re8 15. Na3 f5 16. Nc2 Nf6 17. b4 Bb6 18. Qe1 Bc7 19. f4 e4 20. Nxd4 a5 21. a3 Bd7 22. dxe4 fxe4 23. Bxe4 Nxe4 24. Rxe4 Qf6 25. Qe2 Qf7 26. Rc1 axb4 27. axb4 h6 28. Qf3 Rxe4 29. Qxe4 Ra2 30. Rc2 Ba4 31. Re2 Qxc4 32. Qxb7 Rxb2 33. Qc8+ Kh7 34. Qf5+ Kg8 35. Qc8+ Kh7 36. Qf5+ Kg8 37. Qc8+ Kh7 1/2-1/2

[Event "Budapest FS10 IM"]
[Site "Budapest"]
[Date "2019.10.09"]
[Round "5"]
[White "Velarde Ramirez, Hiram de Jesus"]
[Black "Nguyen, Van Thanh"]
[Result "0-1"]
[WhiteElo "2209"]
[BlackElo "2380"]
[PlyCount "66"]
[EventDate "2019.10.05"]
[EventType "tourn"]
[EventRounds "9"]
[EventCountry "HUN"]
[SourceTitle "CBM 192 Extra"]
[Source "Chessbase"]
[SourceDate "2019.11.06"]
[SourceVersion "1"]
[SourceVersionDate "2019.11.06"]
[SourceQuality "1"]

1. Nf3 c5 2. c4 Nc6 3. b3 Nf6 4. Bb2 e6 5. g3 b6 6. Bg2 Bb7 7. 0-0 Be7 8. Nc3 0-0 9. e3 Rc8 10. d4 cxd4 11. Nxd4 Qc7 12. Rc1 Qb8 13. h3 Rfd8 14. Re1 a6 15. Qe2 Nxd4 16. exd4 Bxg2 17. Kxg2 d5 18. cxd5 Qb7 19. f3 Nxd5 20. Nxd5 Rxd5 21. Rxc8+ Qxc8 22. Rc1 Qb7 23. Qc4 h5 24. Qc8+ Qxc8 25. Rxc8+ Bd8 26. Kf2 Kf8 27. Ke3 Ke8 28. a4 Kd7 29. Ra8 Kc6 30. Ra7 Bc7 31. f4 g5 32. Bc1 h4 33. fxg5 hxg3 0-1